000 00336nam a2200145 i 4500
001 bg
100 1 _aSIERPIŃSKI, Wacław
245 0 _aWstęp do teorii liczb /
_cW. Siepiński.
250 _aWyd. 3 popr.
260 _aWarszawa,
_c1987.
040 _cBPK
041 _apol
942 _cKS
008 s pl f |000 0 pol
999 _c3359
_d3359
856 _uhttp://koha.tu.koszalin.pl/cgi-bin/koha/opac-detail.pl?biblionumber=3359
_yKatalog online BPK